000 00296nam a22001337a 4500
008 170908b xxu||||| |||| 00| 0 eng d
020 _a070609650005
041 _aeng
080 _221 ED
_a91
100 _a91
101 _aGEO
245 _aGOODES WORLD ATLAS
_cVEREGIN.H
942 _2udc
_cBK
999 _c26714
_d26714